[Event "East Lansing (MI Op/4/24)"]
[Site "?"]
[Date "1995.??.??"]
[Round "?"]
[White "Sobocinski, Mike"]
[Black "Kung, Fred"]
[Result "0-1"]
[WhiteElo "2030"]
[BlackElo "1875"]
[PlyCount "147"]
[EventDate "1995.??.??"]

{4/(24)} 1. d4 d5 2. Nf3 c5 3. e3 Nd7 4. Nbd2 Ngf6 5. c3 g6 6. Bd3 Bg7 7. O-O
b6 8. e4 dxe4 9. Nxe4 cxd4 10. Nxd4 Bb7 11. Qe2 O-O 12. Bg5 h6 13. Bh4 g5 14.
Bg3 Nxe4 15. Bxe4 Bxe4 16. Qxe4 Nf6 17. Qe2 e6 18. Rad1 Qd5 19. Qc2 Qxa2 20.
Nc6 Qc4 21. Ne7+ Kh8 22. Rd4 Qb5 23. c4 Qc5 24. Rd6 Nh5 25. Rfd1 Nxg3 26. hxg3
Bf6 27. Nd5 Be5 28. Rd7 exd5 29. R1xd5 Qc6 30. Qf5 Bg7 31. Rxf7 Rxf7 32. Qxf7
Qf6 33. Qb7 Rf8 34. Rd2 Qf7 35. Qc6 Qe7 36. Rd1 Qf6 37. Qxf6 Bxf6 38. b3 Rd8
39. Rxd8+ Bxd8 40. g4 Be7 41. Kf1 Kg7 42. Ke2 Kf6 43. g3 Bd6 44. Ke3 Kg6 45. f4
Kf6 46. Ke4 Bc5 47. Kf3 a6 48. Ke4 Ke6 49. Kf3 b5 50. cxb5 axb5 51. Ke4 Bf2 52.
Kf3 Be1 53. Ke4 Bxg3 54. f5+ Kf6 55. Kd5 b4 56. Kc5 Be1 57. Kd6 Bc3 58. Kd5 h5
59. gxh5 Kxf5 60. h6 Kf4 61. h7 g4 62. Kc5 g3 63. h8=Q Bxh8 64. Kxb4 g2 65. Kc5
g1=Q+ 66. Kb5 Ke5 67. b4 Qa7 68. Kc6 Qa4+ 69. b5 Kd4 70. Kb6 Kc4 71. Kb7 Qxb5+
72. Ka8 Qd7 73. Kb8 Kc5 74. Ka8 0-1

[Event "Eastpointe (MCO/4/12)"]
[Site "?"]
[Date "1995.??.??"]
[Round "?"]
[White "Sobocinski, Mike"]
[Black "Collins, Charles"]
[Result "1-0"]
[WhiteElo "2005"]
[BlackElo "1715"]
[PlyCount "49"]
[EventDate "1995.??.??"]

{4/(12)} 1. d4 Nf6 2. c4 c5 3. d5 e6 4. Nc3 exd5 5. cxd5 d6 6. Bg5 Nbd7 7. Nf3
g6 8. e3 Bg7 9. Be2 O-O 10. O-O a6 11. a4 Re8 12. Nd2 Ne5 13. Qc2 h6 14. Bh4
Bd7 15. h3 Qc8 16. f4 Bxh3 17. fxe5 Rxe5 18. Bxf6 Bxf6 19. Rxf6 Rg5 20. Rf2 Rg3
21. Raf1 Bxg2 22. Rxg2 Qh3 23. Rff2 Re8 24. Nf1 Rxg2+ 25. Rxg2 1-0

[Event "Eastpointe (MCO/6/7)"]
[Site "?"]
[Date "1995.??.??"]
[Round "?"]
[White "Sobocinski, Mike"]
[Black "Carroll, Deuvoy"]
[Result "1-0"]
[WhiteElo "2005"]
[BlackElo "2130"]
[PlyCount "103"]
[EventDate "1995.??.??"]

{6/(7)} 1. d4 Nf6 2. c4 e6 3. Nc3 Bb4 4. Bg5 c5 5. d5 Bxc3+ 6. bxc3 d6 7. e3 e5
8. Bd3 h6 9. Bxf6 Qxf6 10. Qc2 O-O 11. Ne2 Qg5 12. O-O f5 13. f4 Qf6 14. e4
exf4 15. Nxf4 g5 16. Ne6 Bxe6 17. dxe6 f4 18. Rab1 b6 19. e5 dxe5 20. Be4 Na6
21. Qa4 Nc7 22. Qd7 Qg7 23. e7 Rfe8 24. Bxa8 Rxe7 25. Bd5+ Kh8 26. Qc8+ Re8 27.
Qb7 Nxd5 28. Qxg7+ Kxg7 29. cxd5 e4 30. c4 Kf6 31. a4 Ke5 32. a5 bxa5 33. Rfd1
e3 34. d6 g4 35. d7 Rd8 36. Rd5+ Ke4 37. Rbd1 f3 38. Rd6 e2 39. gxf3+ gxf3 40.
Re6+ Kf5 41. Rdd6 Rxd7 42. Kf2 Rxd6 43. Rxd6 Ke4 44. Rd5 a4 45. Rxc5 Kd3 46.
Ra5 Kd2 47. Rd5+ Kc3 48. c5 a3 49. c6 Kb4 50. Rd2 Kc3 51. Ra2 Kb3 52. Rxa3+ 1-0

[Event "Eastpointe (MCO/2/14)"]
[Site "?"]
[Date "1995.??.??"]
[Round "?"]
[White "Sobocinski, Mike"]
[Black "Blake, J."]
[Result "1-0"]
[WhiteElo "2005"]
[BlackElo "1770"]
[PlyCount "87"]
[EventDate "1995.??.??"]

{2/(14)} 1. d4 d5 2. c4 e6 3. Nc3 f5 4. cxd5 exd5 5. g3 c6 6. Bg2 Be7 7. e3 Nf6
8. Nge2 Bd6 9. a3 Qe7 10. b4 O-O 11. O-O Nbd7 12. b5 Nb6 13. bxc6 bxc6 14. Nf4
g6 15. Nd3 Ba6 16. Re1 Rfe8 17. Bf1 Bc4 18. Bg2 Ba6 19. Qc2 Bc4 20. Nb2 Ba6 21.
Nd3 Bc4 22. Rd1 Ng4 23. Na4 Kh8 24. Nac5 Nf6 25. a4 Ne4 26. a5 Nxc5 27. dxc5
Bxc5 28. axb6 axb6 29. Bb2+ Kg8 30. Nxc5 Rxa1 31. Rxa1 bxc5 32. Qc3 Kf7 33. Ra7
Qxa7 34. Qg7+ Ke6 35. Qxa7 Kd6 36. Qxh7 d4 37. Qxg6+ Re6 38. Qxf5 d3 39. Qf4+
Ke7 40. Qxc4 d2 41. Qxc5+ Rd6 42. Bf3 Kd7 43. Bg4+ Kc7 44. Be5 1-0

[Event "Eastpointe (MCO/3/2)"]
[Site "?"]
[Date "1995.??.??"]
[Round "?"]
[White "Smith, Walt"]
[Black "Rajlich, Vasik"]
[Result "0-1"]
[WhiteElo "2045"]
[BlackElo "2220"]
[PlyCount "90"]
[EventDate "1995.??.??"]

{3/(2)} 1. Nf3 Nf6 2. Nc3 g6 3. b4 Bg7 4. Rb1 d5 5. e3 O-O 6. Be2 Nbd7 7. d4 a5
8. b5 Re8 9. Ne5 Nxe5 10. dxe5 Ne4 11. Nxe4 dxe4 12. Bb2 Be6 13. a4 c6 14. Qd4
Qc7 15. b6 Qb8 16. Rd1 Rd8 17. Qxe4 Rxd1+ 18. Bxd1 Bd5 19. Qg4 Ra6 20. Bd4 Bxe5
21. Be2 Bxd4 22. Qxd4 Ra8 23. O-O Qd6 24. c4 Be6 25. Rd1 Rd8 26. Qa1 Qb8 27.
Rxd8+ Qxd8 28. Qd4 Qxd4 29. exd4 Kf8 30. c5 Ke8 31. Ba6 Bc8 32. d5 bxa6 33.
dxc6 Kd8 34. b7 Kc7 35. bxc8=Q+ Kxc8 36. Kf1 Kc7 37. Ke2 Kxc6 38. Kd3 Kxc5 39.
Kc3 e5 40. g4 f5 41. g5 e4 42. h3 f4 43. h4 Kd5 44. Kd2 Kd4 45. Ke2 Kc3 0-1

[Event "East Lansing (MI Op/4/5)"]
[Site "?"]
[Date "1995.??.??"]
[Round "?"]
[White "Smith, Walt"]
[Black "Mazuchowski, Tom"]
[Result "0-1"]
[WhiteElo "2045"]
[BlackElo "2210"]
[PlyCount "96"]
[EventDate "1995.??.??"]

{4/(5)} 1. Nf3 Nf6 2. c4 g6 3. e3 Bg7 4. d4 d6 5. Bd3 O-O 6. h3 Nbd7 7. Nc3 e5
8. O-O Re8 9. dxe5 dxe5 10. e4 c6 11. Be3 h6 12. Qd2 Kh7 13. Rfd1 Qe7 14. a3
Nc5 15. b4 Nb3 16. Qb2 Nxa1 17. Qxa1 b6 18. b5 c5 19. Qc1 Bb7 20. g4 Nd7 21.
Nd2 Nf8 22. Nd5 Qh4 23. Kg2 Ne6 24. f3 Bxd5 25. exd5 Nf4+ 26. Bxf4 exf4 27. Ne4
Rxe4 28. Bxe4 Qg3+ 29. Kf1 Qxh3+ 30. Ke2 f5 31. gxf5 gxf5 32. Qxf4 Qg2+ 33. Kd3
fxe4+ 34. Qxe4+ Qg6 35. Rg1 Qxe4+ 36. fxe4 Be5 37. Rf1 Kg6 38. a4 Re8 39. Rb1
Rf8 40. a5 bxa5 41. b6 axb6 42. Rxb6+ Rf6 43. Rb5 a4 44. Rxc5 Ra6 45. d6 Bxd6
46. Rd5 a3 47. c5 Bxc5 48. Rxc5 a2 0-1

[Event "East Lansing (MI Op/1a/15)"]
[Site "?"]
[Date "1995.??.??"]
[Round "?"]
[White "Smith, Walt"]
[Black "June, Brian"]
[Result "1-0"]
[WhiteElo "2045"]
[BlackElo "1800"]
[PlyCount "63"]
[EventDate "1995.??.??"]

1. Nf3 Nf6 2. c4 g6 3. b4 Bg7 4. Bb2 O-O 5. e3 d6 6. Be2 c5 7. bxc5 dxc5 8. O-O
Nc6 9. Nc3 Bf5 10. Qb3 Rb8 11. Rad1 Qc8 12. Na4 Nb4 13. d3 b5 14. cxb5 Be6 15.
Qc3 Rxb5 16. d4 Ne4 17. Qc1 c4 18. Nc3 Nxc3 19. Bxc3 Bf5 20. Ne1 Nd5 21. Bd2
Nb6 22. Qa3 Qd7 23. Rc1 Rc8 24. Bb4 Bf8 25. Bc5 Qe6 26. Qxa7 Ra8 27. Qc7 Nd5
28. Qg3 Rxa2 29. Bxc4 Rbb2 30. Bxa2 Rxa2 31. Qe5 Qd7 32. e4 1-0

[Event "Eastpointe (MCO/5/8)"]
[Site "?"]
[Date "1995.??.??"]
[Round "?"]
[White "Smith, Walt"]
[Black "Hater, David"]
[Result "1-0"]
[WhiteElo "2045"]
[BlackElo "1900"]
[PlyCount "53"]
[EventDate "1995.??.??"]

{5/(8)} 1. Nf3 Nf6 2. d4 g6 3. Bg5 Bg7 4. Nbd2 d5 5. e3 O-O 6. Bd3 c5 7. dxc5
Qa5 8. O-O Qxc5 9. Rc1 b5 10. Qe2 a6 11. c3 Bb7 12. e4 e6 13. e5 Nfd7 14. Nb3
Qb6 15. Rfe1 Nc6 16. Bf4 Rac8 17. h4 h5 18. Nbd4 Rc7 19. Nxc6 Bxc6 20. Nd4 Nc5
21. Bb1 Rfc8 22. g4 hxg4 23. Qxg4 Be8 24. Re3 Kf8 25. Rf3 Ne4 26. Be3 Nc5 27.
Nxe6+ 1-0

[Event "East Lansing (MI Op/6/9)"]
[Site "?"]
[Date "1995.??.??"]
[Round "?"]
[White "Smith, Walt"]
[Black "Fischvogt, Eric"]
[Result "0-1"]
[WhiteElo "2045"]
[BlackElo "2220"]
[PlyCount "102"]
[EventDate "1995.??.??"]

{6/(9)} 1. Nf3 d5 2. e4 dxe4 3. Ng5 Nf6 4. Qe2 g6 5. Qc4 e6 6. Nc3 Bg7 7. Ngxe4
Nxe4 8. Qxe4 O-O 9. Bc4 Bd7 10. O-O Bc6 11. Qe2 Nd7 12. Bb5 Bxb5 13. Qxb5 Nb6
14. d3 c6 15. Qg5 Nd5 16. Nxd5 cxd5 17. Qxd8 Rfxd8 18. c3 b5 19. Bg5 Rdc8 20.
d4 a5 21. a3 b4 22. axb4 axb4 23. g3 bxc3 24. bxc3 h5 25. Bd2 Kh7 26. Rfb1 Bh6
27. Rxa8 Rxa8 28. Bxh6 Kxh6 29. Rb7 Kg7 30. Rc7 Ra1+ 31. Kg2 Rc1 32. Kf3 g5 33.
h3 Kg6 34. g4 h4 35. Rc5 f5 36. Rc6 Kf6 37. gxf5 Kxf5 38. Rc8 Rh1 39. Rf8+ Kg6
40. Kg4 Rg1+ 41. Kf3 g4+ 42. hxg4 h3 43. Rc8 Kf7 44. Rc7+ Kg6 45. Re7 h2 46.
Rxe6+ Kf7 47. Rh6 h1=Q+ 48. Rxh1 Rxh1 49. Kf4 Ke6 50. Kg5 Rc1 51. f4 Rxc3 0-1

[Event "Eastpointe (MCO/1/13)"]
[Site "?"]
[Date "1995.??.??"]
[Round "?"]
[White "Smith, Walt"]
[Black "Cooper, Willie"]
[Result "1-0"]
[WhiteElo "2045"]
[BlackElo "1605"]
[PlyCount "87"]
[EventDate "1995.??.??"]

{1/(13)} 1. c4 Nf6 2. Nc3 g6 3. e4 d6 4. Be2 Bg7 5. Nf3 O-O 6. O-O Nbd7 7. Rb1
c6 8. b4 Qc7 9. Ne1 e5 10. d3 Re8 11. g4 h6 12. Ng2 Nf8 13. f4 exf4 14. Bxf4 g5
15. Bd2 Ne6 16. Ne3 Nf4 17. Nf5 Bxf5 18. gxf5 Qb6+ 19. Kh1 Nxe2 20. Qxe2 d5 21.
Qg2 Qd4 22. h4 Qxd3 23. hxg5 hxg5 24. Bxg5 Nxe4 25. f6 Nxg5 26. Qxg5 Qh7+ 27.
Kg2 Re6 28. Qxg7+ Qxg7+ 29. fxg7 Rg6+ 30. Kf3 Re8 31. Rfe1 Rge6 32. Rxe6 fxe6
33. Rg1 a6 34. cxd5 exd5 35. Ne2 Re7 36. Nf4 Rf7 37. Ke3 Re7+ 38. Kd3 b6 39.
Nh5 Rf7 40. Rg6 c5 41. Nf6+ Rxf6 42. Rxf6 c4+ 43. Kd4 Kxg7 44. Rxb6 1-0

[Event "East Lansing (MOR/7/20)"]
[Site "?"]
[Date "1995.??.??"]
[Round "?"]
[White "Smith, Robert"]
[Black "Tucker, Eric"]
[Result "1/2-1/2"]
[WhiteElo "1760"]
[BlackElo "1605"]
[PlyCount "107"]
[EventDate "1995.??.??"]

{7/(20)} 1. d4 g6 2. c4 Bg7 3. Nf3 d6 4. Nc3 Nf6 5. e4 Bg4 6. Be2 O-O 7. O-O
Nc6 8. Be3 Bxf3 9. Bxf3 e5 10. d5 Ne7 11. h3 b6 12. g4 Nd7 13. Kg2 a5 14. h4 h6
15. Qd2 Kh7 16. g5 h5 17. Qe2 Rh8 18. Bxh5 gxh5 19. Qxh5+ Kg8 20. Qg4 Ng6 21.
Rh1 f6 22. h5 Nf4+ 23. Bxf4 exf4 24. g6 Qe7 25. Qf5 Bh6 26. Nb5 Rc8 27. Na7 Re8
28. f3 Ne5 29. b3 Kg7 30. Nb5 Nd3 31. Nd4 Nc5 32. Qg4 Qe5 33. Nf5+ Kg8 34. g7
Rh7 35. Nxh6+ Rxh6 36. Raf1 Qg5 37. Rfg1 Qxg4+ 38. fxg4 Kxg7 39. Kf3 Re5 40.
Re1 Rh8 41. Re2 Kh6 42. Kxf4 Rhe8 43. Rhh2 Rxe4+ 44. Rxe4 Rxe4+ 45. Kf5 Re5+
46. Kxf6 Nd7+ 47. Kf7 Rg5 48. Ke8 Nf6+ 49. Kd8 Rg7 50. g5+ Kxg5 51. h6 Rh7 52.
Kc8 Ng4 53. Rg2 Rf7 54. Rg1 1/2-1/2

[Event "East Lansing (MOR/3/40)"]
[Site "?"]
[Date "1995.??.??"]
[Round "?"]
[White "Smith, Robert"]
[Black "Smeckert, Dennis"]
[Result "0-1"]
[WhiteElo "1760"]
[BlackElo "1605"]
[PlyCount "26"]
[EventDate "1995.??.??"]

{3/(40)} 1. d4 d5 2. c4 e5 3. dxe5 d4 4. Nf3 Nc6 5. Bf4 Be6 6. e3 Bb4+ 7. Nbd2
dxe3 8. Bxe3 Qd7 9. Be2 O-O-O 10. O-O Bxd2 11. Bxd2 Nge7 12. Qa4 Nd4 13. Nxd4
Qxa4 0-1

[Event "East Lansing (MOR/2/30)"]
[Site "?"]
[Date "1995.??.??"]
[Round "?"]
[White "Smith, Robert"]
[Black "Hill, Brad"]
[Result "0-1"]
[WhiteElo "1760"]
[BlackElo "1605"]
[PlyCount "87"]
[EventDate "1995.??.??"]

{2/(30)} 1. d4 Nf6 2. c4 c5 3. d5 b5 4. Nc3 b4 5. Na4 d6 6. Nf3 g6 7. b3 Bg7 8.
Bb2 Bd7 9. e4 Bxa4 10. bxa4 Nbd7 11. Bd3 O-O 12. O-O Ng4 13. Bxg7 Kxg7 14. Nd2
Nge5 15. Bc2 Nb6 16. Qe2 a5 17. f4 Ned7 18. e5 Qe8 19. Rae1 dxe5 20. fxe5 f6
21. e6 Ne5 22. Qe4 Nxa4 23. Re3 Nc3 24. Qf4 Nxa2 25. Rh3 h5 26. Nf3 Qb8 27.
Rxh5 Nxf3+ 28. Qxf3 f5 29. Rxf5 Rxf5 30. Bxf5 Qe8 31. Qg3 Nc3 32. Qe5+ Kg8 33.
Rf3 Qb8 34. d6 Qxd6 35. Qxd6 exd6 36. Bxg6 Ra7 37. Bf7+ Kg7 38. Rg3+ Kf6 39.
Rg6+ Kf5 40. g4+ Ke4 41. Rf6 a4 42. Bg6+ Ke3 43. Rf7 Ra8 44. e7 0-1

[Event "East Lansing (MOR/5/38)"]
[Site "?"]
[Date "1995.??.??"]
[Round "?"]
[White "Smith, Rob"]
[Black "DeBlasio, N."]
[Result "1-0"]
[WhiteElo "1605"]
[BlackElo "1605"]
[PlyCount "81"]
[EventDate "1995.??.??"]

{5/(38)} 1. d4 Nf6 2. c4 d5 3. Nc3 c5 4. cxd5 Nxd5 5. Nf3 Bf5 6. a3 Nc6 7. e3
Qd6 8. Nb5 Qd7 9. dxc5 e6 10. b4 Rd8 11. Qb3 Be7 12. Bb2 Be4 13. Be2 O-O 14.
O-O Bf6 15. Bxf6 Nxf6 16. Rad1 Qe7 17. Nd6 a6 18. Rd2 Bd5 19. Qc2 Rd7 20. e4
Nxb4 21. axb4 Bc6 22. Rfd1 Rfd8 23. Nd4 Kh8 24. Nxc6 bxc6 25. Bxa6 h6 26. Qa4
Nxe4 27. Nxe4 Rxd2 28. Rxd2 f5 29. Rxd8+ Qxd8 30. Nd6 Qc7 31. Bb7 Qd8 32. Qxc6
Kh7 33. Qe8 Qf6 34. g3 Qa1+ 35. Kg2 Qf6 36. Qf7 Qe5 37. Ne8 Qd4 38. Qxg7+ Qxg7
39. Nxg7 Kxg7 40. c6 Kf6 41. c7 1-0

[Event "East Lansing (Class A/4/4)"]
[Site "?"]
[Date "1995.??.??"]
[Round "?"]
[White "Smith, Mike A"]
[Black "Ward, Tim"]
[Result "1/2-1/2"]
[WhiteElo "1920"]
[BlackElo "1910"]
[PlyCount "56"]
[EventDate "1995.??.??"]

{4/(4)} 1. e4 e6 2. d4 d5 3. exd5 exd5 4. Bd3 Bd6 5. Ne2 Ne7 6. O-O Nd7 7. Bf4
Nf6 8. Nd2 Bg4 9. f3 Bh5 10. Re1 Qd7 11. Bxd6 Qxd6 12. Ng3 O-O 13. Nxh5 Nxh5
14. Nf1 Nf4 15. Ng3 Qb4 16. c3 Qxb2 17. Bc2 Qa3 18. Rb1 b6 19. Qd2 Nfg6 20. f4
f5 21. Qe3 Qxa2 22. Qe6+ Kh8 23. Nxf5 Qxc2 24. Nxe7 Nxf4 25. Qg4 Nd3 26. Ng6+
hxg6 27. Qh3+ Kg8 28. Qe6+ Kh8 1/2-1/2

[Event "East Lansing (MI Op/7/11)"]
[Site "?"]
[Date "1995.??.??"]
[Round "?"]
[White "Smith, Mike A"]
[Black "Smith, Walt"]
[Result "0-1"]
[WhiteElo "1885"]
[BlackElo "2045"]
[PlyCount "98"]
[EventDate "1995.??.??"]

{7/(11)} 1. e4 c5 2. Nf3 Nc6 3. d4 cxd4 4. Nxd4 Nf6 5. Nc3 g6 6. Bc4 Qb6 7.
Nxc6 dxc6 8. O-O Bg4 9. Be2 Rd8 10. Qe1 Bg7 11. Bxg4 Nxg4 12. Qe2 Ne5 13. Rb1
O-O 14. Be3 Qc7 15. Rfd1 b5 16. Bd4 h5 17. h3 b4 18. Na4 Qa5 19. b3 Rxd4 20.
Rxd4 Nf3+ 21. Qxf3 Bxd4 22. Rd1 Qe5 23. Rd3 f5 24. Qg3 Qxg3 25. Rxg3 fxe4 26.
Rxg6+ Kh7 27. Re6 Rxf2 28. Kh2 e3 29. Rxe7+ Kg6 30. Re4 Rd2 31. Kg3 Kf5 32. Re8
Rxc2 33. Kf3 Rf2+ 34. Kg3 Be5+ 35. Kh4 Rf4+ 36. Kxh5 e2 37. g4+ Ke4 38. Nc5+
Kd5 39. Nd3 Re4 40. Ne1 Bc3 41. Rd8+ Kc5 42. Nd3+ Kb6 43. g5 Re3 44. g6 Rxh3+
45. Kg5 Rxd3 46. Rxd3 e1=Q 47. g7 Bxg7 48. a4 Qe5+ 49. Kg4 Qe4+ 0-1

[Event "East Lansing (MI Op/1a/10)"]
[Site "?"]
[Date "1995.??.??"]
[Round "?"]
[White "Smith, Mike A"]
[Black "Linn, Peter"]
[Result "1/2-1/2"]
[WhiteElo "1885"]
[BlackElo "2130"]
[PlyCount "47"]
[EventDate "1995.??.??"]

1. e4 e6 2. d4 d5 3. exd5 exd5 4. Bd3 Nc6 5. Ne2 Bg4 6. f3 Be6 7. O-O Bd6 8. c3
Qf6 9. Be3 Nge7 10. Qc1 Bf5 11. Bxf5 Nxf5 12. Bg5 Qg6 13. Re1 O-O 14. Bf4 Rfe8
15. Bxd6 Qxd6 16. Na3 Re6 17. Nb5 Qd7 18. Nf4 Rxe1+ 19. Qxe1 a6 20. Na3 Re8 21.
Qd2 Qd6 22. Re1 Rxe1+ 23. Qxe1 Nfe7 24. Nd3 1/2-1/2

[Event "East Lansing (MI Op/5/8)"]
[Site "?"]
[Date "1995.??.??"]
[Round "?"]
[White "Smith, Mike A"]
[Black "Jarosz, Stan"]
[Result "0-1"]
[WhiteElo "1885"]
[BlackElo "2020"]
[PlyCount "77"]
[EventDate "1995.??.??"]

{5/(8)} 1. e4 c5 2. Nf3 e6 3. d4 cxd4 4. Nxd4 Nf6 5. Nc3 d6 6. Be3 a6 7. Be2
Qc7 8. O-O Be7 9. f4 O-O 10. Qd2 Nc6 11. Rad1 Na5 12. f5 e5 13. Nf3 b5 14. Bg5
b4 15. Nd5 Nxd5 16. Qxd5 Bb7 17. Qd3 f6 18. Bd2 Rac8 19. c3 bxc3 20. Bxc3 Nc4
21. Be1 d5 22. exd5 Bc5+ 23. Bf2 Qb6 24. Rb1 Nd6 25. Nd2 Bxf2+ 26. Rxf2 Qa5 27.
Bf3 Qxa2 28. Rff1 Qa5 29. g4 Qc5+ 30. Kh1 Qc2 31. Qxc2 Rxc2 32. Ne4 Nxe4 33.
Bxe4 Rc4 34. Bf3 Rd8 35. Rfd1 e4 36. Be2 Rc2 37. Bf1 e3 38. Bg2 e2 39. Re1 0-1

[Event "East Lansing (MI Op/3/16)"]
[Site "?"]
[Date "1995.??.??"]
[Round "?"]
[White "Smith, Mike A"]
[Black "Bailey, Greg"]
[Result "1-0"]
[WhiteElo "1885"]
[BlackElo "2065"]
[PlyCount "167"]
[EventDate "1995.??.??"]

{3/(16)} 1. e4 g6 2. d4 c5 3. Nf3 Bg7 4. c3 cxd4 5. cxd4 d6 6. Nc3 Qb6 7. Bb5+
Bd7 8. Bxd7+ Nxd7 9. O-O Ngf6 10. Qe2 O-O 11. Be3 Rfc8 12. Rac1 Ng4 13. Rc2 Qd8
14. Rfc1 a6 15. h3 Nxe3 16. Qxe3 Qf8 17. Ne2 Rxc2 18. Rxc2 Rc8 19. Rxc8 Qxc8
20. Qc3 Qxc3 21. Nxc3 e6 22. Kf1 Nb6 23. Ke2 Kf8 24. Kd3 Ke7 25. Nd2 d5 26.
exd5 Nxd5 27. Nxd5+ exd5 28. Nb3 b6 29. Nd2 Ke6 30. Nf1 h5 31. g4 Bh6 32. Ne3
f5 33. gxf5+ gxf5 34. Nd1 f4 35. f3 Bf8 36. Nc3 b5 37. a3 Be7 38. Ke2 Kd6 39.
Kd3 Kc6 40. Ke2 a5 41. Na2 b4 42. axb4 axb4 43. Nc1 Bf6 44. Kd3 Kb5 45. Ne2 Bg5
46. b3 Kc6 47. Kd2 Kd7 48. Ke1 Bh4+ 49. Kf1 Ke6 50. Nxf4+ Kd6 51. Ke2 Bf6 52.
Kd3 h4 53. Ng2 Ke6 54. Ke3 Bg5+ 55. f4 Bf6 56. Ne1 Kf5 57. Nc2 Be7 58. Kf3 Kf6
59. Kg4 Ke6 60. f5+ Kd7 61. Kh5 Kc6 62. Kg6 Kd7 63. f6 Bd6 64. Kg7 Ke6 65. f7
Kf5 66. f8=Q+ Bxf8+ 67. Kxf8 Kf4 68. Nxb4 Kg3 69. Nxd5 Kxh3 70. Ne3 Kh2 71. d5
h3 72. d6 Kg3 73. d7 Kf2 74. d8=Q Kxe3 75. Qh4 Kd3 76. Qxh3+ Kd4 77. Ke7 Kc5
78. Qd3 Kc6 79. Qc4+ Kb6 80. Kd6 Kb7 81. Qc6+ Kb8 82. Qd7 Ka8 83. Kc6 Kb8 84.
Qb7# 1-0

[Event "East Lansing (Class C/2/11)"]
[Site "?"]
[Date "1995.??.??"]
[Round "?"]
[White "Smith, Lester"]
[Black "Solski, Jeff"]
[Result "1-0"]
[WhiteElo "1605"]
[BlackElo "1605"]
[PlyCount "93"]
[EventDate "1995.??.??"]

{2/(11)} 1. e4 c5 2. c3 e6 3. d4 cxd4 4. cxd4 a6 5. Nc3 Bb4 6. Nf3 Ne7 7. Bd3
d6 8. O-O O-O 9. Bg5 Nbc6 10. e5 Qc7 11. Rc1 Nf5 12. Bf4 b5 13. Bxf5 Bxc3 14.
Bxh7+ Kh8 15. bxc3 f6 16. exf6 gxf6 17. Bc2 Bb7 18. Nh4 Rf7 19. Qh5+ Kg8 20.
Qg4+ Rg7 21. Qxe6+ Kh8 22. Qxf6 Na5 23. Ng6+ Kg8 24. Qe6+ Qf7 25. Qxf7+ Kxf7
26. Nh4 Rh8 27. Bg3 Rxh4 28. f3 Rh5 29. Bxd6 Ke6 30. Bb4 Nc4 31. Bb3 Bd5 32.
Rce1+ Kd7 33. Rf2 Kc6 34. f4 Rh3 35. f5 Re3 36. Rxe3 Nxe3 37. Bxd5+ Kxd5 38. f6
Rf7 39. Be7 Kc4 40. Rf3 Nd5 41. g4 Nxc3 42. g5 Ne2+ 43. Kf2 Nc3 44. g6 Ne4+ 45.
Ke3 Nxf6 46. gxf7 Nd5+ 47. Kd2 1-0

[Event "East Lansing (Class C/5/6)"]
[Site "?"]
[Date "1995.??.??"]
[Round "?"]
[White "Smith, Lester"]
[Black "Ingles, Darrell"]
[Result "1-0"]
[WhiteElo "1605"]
[BlackElo "1605"]
[PlyCount "77"]
[EventDate "1995.??.??"]

{5/(6)} 1. e4 d6 2. d4 g6 3. Bc4 Bg7 4. Nf3 Bg4 5. Bxf7+ Kf8 6. h3 Bxf3 7. Qxf3
Nf6 8. Bd5 c6 9. Be6 Ke8 10. Nc3 Rf8 11. Bg5 Nd5 12. Qd3 Nxc3 13. Qxc3 c5 14.
Qb3 Qa5+ 15. c3 b6 16. Bd5 cxd4 17. Qa3 Qxa3 18. bxa3 dxc3 19. Bxa8 c2 20. Rc1
Bc3+ 21. Ke2 Bd4 22. Be3 Bxe3 23. Kxe3 Kf7 24. Rxc2 Nd7 25. Bd5+ Kg7 26. Rc7
Nc5 27. Rxe7+ Kh6 28. Rxa7 Re8 29. f3 b5 30. Rb1 Na4 31. Bc6 Re5 32. Rxb5 Nc5
33. a4 Rg5 34. g4 Re5 35. f4 g5 36. fxe5 Ne6 37. Be8 Nd4 38. Rbb7 Nf5+ 39. exf5
1-0

[Event "East Lansing (Class C/1/8)"]
[Site "?"]
[Date "1995.??.??"]
[Round "?"]
[White "Smith, Lester"]
[Black "Barta, Roger"]
[Result "0-1"]
[WhiteElo "1605"]
[BlackElo "1605"]
[PlyCount "68"]
[EventDate "1995.??.??"]

{1/(8)} 1. e4 e6 2. d4 d5 3. e5 c5 4. c3 Nc6 5. Bb5 Bd7 6. Nf3 cxd4 7. Bxc6
Bxc6 8. cxd4 Bb4+ 9. Nc3 Qa5 10. Bd2 Ne7 11. O-O O-O 12. a3 Bxc3 13. Bxc3 Qb6
14. Bb4 Rfe8 15. Qd2 a5 16. Bc5 Qa6 17. Qg5 Nf5 18. g4 Nh6 19. Be7 Qd3 20. Nh4
Rxe7 21. Qxe7 Nxg4 22. Rad1 Qh3 23. Nf3 Qxf3 24. Qh4 Bb5 25. Rfe1 Nh6 26. Rc1
Nf5 27. Qg5 Nxd4 28. Rc7 Ne2+ 29. Rxe2 Qxe2 30. Kg2 Qf1+ 31. Kf3 Qh3+ 32. Kf4
Be2 33. Rc3 Qxh2+ 34. Rg3 Qxf2+ 0-1

[Event "East Lansing (MI Op/7/30)"]
[Site "?"]
[Date "1995.??.??"]
[Round "?"]
[White "Smith, Daryn"]
[Black "Sledge, Ernest"]
[Result "0-1"]
[WhiteElo "1825"]
[BlackElo "1835"]
[PlyCount "78"]
[EventDate "1995.??.??"]

{7/(30)} 1. d4 d5 2. c4 e6 3. Nc3 f5 4. Nf3 Nf6 5. Bf4 c6 6. c5 Be7 7. e3 O-O
8. Be2 Ne4 9. O-O Nd7 10. Qc2 g5 11. Be5 g4 12. Nd2 Nxd2 13. Qxd2 Nxe5 14. dxe5
Bxc5 15. Rad1 Be7 16. Qc2 Qe8 17. a3 Qg6 18. Nb1 h5 19. b4 Qg7 20. Qc3 Bd7 21.
f3 Qh6 22. f4 b6 23. Nd2 a5 24. Rb1 axb4 25. axb4 c5 26. bxc5 Bxc5 27. Kh1 Ra3
28. Rb3 Rfa8 29. Rfb1 Qf8 30. Nf1 h4 31. Qd3 Bc6 32. Kg1 Qh6 33. g3 hxg3 34.
hxg3 Qh3 35. Kf2 d4 36. exd4 Qg2+ 37. Ke1 Bb4+ 38. Kd1 Rxb3 39. Rxb3 Be4 0-1

[Event "East Lansing (MI Op/4/36)"]
[Site "?"]
[Date "1995.??.??"]
[Round "?"]
[White "Smith, Daryn"]
[Black "Arganian, David H"]
[Result "0-1"]
[WhiteElo "1825"]
[BlackElo "1800"]
[PlyCount "46"]
[EventDate "1995.??.??"]

{4/(36)} 1. d4 Nf6 2. c4 g6 3. Nc3 d5 4. cxd5 Nxd5 5. e4 Nxc3 6. bxc3 Bg7 7.
Bc4 c5 8. Ne2 Nc6 9. Be3 O-O 10. O-O Qc7 11. Qc2 Na5 12. Bb3 Nxb3 13. axb3 b6
14. Ra3 cxd4 15. Nxd4 Rd8 16. Rfa1 Bxd4 17. Bxd4 Rxd4 18. f3 a5 19. Qb2 Rd3 20.
b4 Qf4 21. Re1 Rd2 22. Qc1 Qd6 23. Kh1 Bh3 0-1

[Event "East Lansing (MI Op/2/31)"]
[Site "?"]
[Date "1995.??.??"]
[Round "?"]
[White "Smith, Daryn"]
[Black "Aldrich, Jeff"]
[Result "0-1"]
[WhiteElo "1825"]
[BlackElo "1925"]
[PlyCount "82"]
[EventDate "1995.??.??"]

{2/(31)} 1. d4 d5 2. c4 c6 3. Nc3 Nf6 4. Nf3 e6 5. e3 Nbd7 6. Qc2 Be7 7. Bd2
O-O 8. Rc1 a6 9. Bd3 dxc4 10. Bxc4 b5 11. Bd3 Bb7 12. O-O c5 13. Ne4 Rc8 14.
Qb1 h6 15. b3 Nd5 16. Rc2 N5b6 17. Ba5 f5 18. Ned2 Qe8 19. dxc5 Bxc5 20. Rfc1
Nd5 21. b4 Bd6 22. Rxc8 Bxc8 23. Nd4 Ne5 24. Bf1 Ng4 25. N4f3 Qh5 26. h3 Bb7
27. e4 Ndf6 28. exf5 exf5 29. Bc7 Bxc7 30. Rxc7 Be4 31. Nxe4 fxe4 32. Rc5 Qf7
33. hxg4 exf3 34. gxf3 Nxg4 35. Bg2 Nf6 36. Qc2 Re8 37. Qd2 Qe6 38. Kf1 Kh8 39.
f4 Ne4 40. Bxe4 Qxe4 41. a3 Qh1# 0-1

[Event "Ann Arbor (HVA/2/8)"]
[Site "?"]
[Date "1995.??.??"]
[Round "?"]
[White "Smeckert, Dennis"]
[Black "Venia, Mike"]
[Result "1/2-1/2"]
[WhiteElo "1605"]
[BlackElo "1605"]
[PlyCount "65"]
[EventDate "1995.??.??"]

{2/(8)} 1. e4 Nf6 2. d3 d5 3. exd5 Nxd5 4. Nf3 Nc6 5. Be2 e5 6. O-O Be7 7. b3
Be6 8. c4 Nf6 9. Nbd2 Qd6 10. Ne4 Nxe4 11. dxe4 O-O-O 12. Bb2 Qc5 13. Qc2 Nd4
14. Nxd4 exd4 15. a4 Rhe8 16. Rfd1 Qe5 17. Rd3 f5 18. f4 Qxe4 19. Bf3 Qxf4 20.
Qf2 Qg5 21. b4 Bxb4 22. Bxb7+ Kxb7 23. Qf3+ Bd5 24. cxd5 Qg4 25. Qxg4 fxg4 26.
Rb3 a5 27. Ba3 Rxd5 28. Bxb4 axb4 29. Rxb4+ Ka6 30. Rab1 d3 31. Kf2 Re2+ 32.
Kg3 d2 33. Rb8 1/2-1/2

[Event "Ann Arbor (HVA/5/7)"]
[Site "?"]
[Date "1995.??.??"]
[Round "?"]
[White "Smeckert, Dennis"]
[Black "Vangilder, W."]
[Result "1/2-1/2"]
[WhiteElo "1605"]
[BlackElo "1605"]
[PlyCount "47"]
[EventDate "1995.??.??"]

{5/(7)} 1. e4 Nc6 2. Nf3 d6 3. Bc4 e6 4. d3 Bd7 5. O-O Nf6 6. Be3 g6 7. c3 Na5
8. Bb3 Nxb3 9. axb3 Bg7 10. Bg5 O-O 11. Na3 b5 12. Nc2 Qb8 13. Re1 Qb6 14. Qd2
c5 15. Qf4 Nh5 16. Qd2 Rfc8 17. g4 Nf6 18. Qf4 Ne8 19. Bh6 Bh8 20. Ng5 f6 21.
Re3 e5 22. Qf3 Bc6 23. Nh3 Rc7 24. Qg3 1/2-1/2